000 00661nam a22001577a 4500
003 OSt
005 20151112105448.0
008 151112b xxu||||| |||| 00| 0 eng d
040 _cRUA
082 _aFOR CHH 2004 B130 Or.1
100 _93593
_aCHHUN, SOPPHEAK.
245 _amigration of mangrove terrapin in sre ambel and kampong seila kho kong province (ការបំលាស់ទីរបស់អណ្តើកសរសៃ នៅស្រុកស្រែអមបិល និង ស្រុកកំពង់សីលា ខេត្តកោះកុង)
260 _aPhnom Penh
_bRUA
_c2004
300 _avii, 58p.
_bill.
_c29cm.
942 _2ddc
_cFOR
999 _c3345
_d3345